The Home Information Pack (Amendment) Regulations 2009 (Record no. 109185)
[ view plain ]
| 000 -LEADER | |
|---|---|
| fixed length control field | 01487cad a22003015a 4500 |
| 001 - CONTROL NUMBER | |
| control field | L146464 |
| 008 - FIXED-LENGTH DATA ELEMENTS--GENERAL INFORMATION | |
| fixed length control field | 090122e20090121xxk f lf000 0 eng d |
| 035 ## - SYSTEM CONTROL NUMBER | |
| System control number | (Sirsi) u146464 |
| 041 0# - LANGUAGE CODE | |
| Language code of text/sound track or separate title | eng |
| 050 04 - LIBRARY OF CONGRESS CALL NUMBER | |
| Classification number | 333.33 $2 18 |
| 110 2# - MAIN ENTRY--CORPORATE NAME | |
| Corporate name or jurisdiction name as entry element | United Kingdom |
| Form subheading | Laws, etc. |
| 9 (RLIN) | 5044 |
| 245 04 - TITLE STATEMENT | |
| Title | The Home Information Pack (Amendment) Regulations 2009 |
| Medium | [electronic resource] |
| 260 ## - PUBLICATION, DISTRIBUTION, ETC. | |
| Place of publication, distribution, etc. | London |
| Name of publisher, distributor, etc. | OPSI |
| Date of publication, distribution, etc. | 2009 |
| 490 #0 - SERIES STATEMENT | |
| Series statement | SI |
| Volume/sequential designation | 2009: 34 |
| 505 2# - FORMATTED CONTENTS NOTE | |
| Formatted contents note | Citation and commencement -- Amendment of the Home Information Pack (No. 2) Regulations 2007 -- Amendment of regulation 14 |
| 520 ## - SUMMARY, ETC. | |
| Summary, etc. | This Statutory Instrument amends the principal regulations (Home Information Pack (No. 2) regulations 2007) by adding the Property Information Questionnaire (PIQ) to the list of documents that must be included in the Home Information Pack (HIP) before or at the first point of marketing. |
| 521 ## - TARGET AUDIENCE NOTE | |
| Target audience note | Advanced |
| 590 ## - LOCAL NOTE (RLIN) | |
| Local note | KA NTK |
| 650 24 - SUBJECT ADDED ENTRY--TOPICAL TERM | |
| Topical term or geographic name entry element | HOUSING ACT 2004 |
| 650 24 - SUBJECT ADDED ENTRY--TOPICAL TERM | |
| Topical term or geographic name entry element | HOME INFORMATION PACK (AMENDMENT) REGULATIONS 2009 |
| 650 24 - SUBJECT ADDED ENTRY--TOPICAL TERM | |
| Topical term or geographic name entry element | HOME INFORMATION PACK (AMENDMENT) (NO. 4) REGULATIONS 2008 |
| 650 24 - SUBJECT ADDED ENTRY--TOPICAL TERM | |
| Topical term or geographic name entry element | HOME INFORMATION PACKS |
| 650 24 - SUBJECT ADDED ENTRY--TOPICAL TERM | |
| Topical term or geographic name entry element | HOME INFORMATION PACK (NO. 2) REGULATIONS 2007 |
| 651 #4 - SUBJECT ADDED ENTRY--GEOGRAPHIC NAME | |
| Geographic name | England and Wales |
| Chronological subdivision | 1543- |
| 690 ## - LOCAL SUBJECT ADDED ENTRY--TOPICAL TERM (OCLC, RLIN) | |
| Topical term or geographic name as entry element | PROPERTY-RESIDENTIAL PROPERTY-ACQUISITION AND DISPOSAL OF RESIDENTIAL PROPERTY-HOME BUYING REFORM |
| 856 40 - ELECTRONIC LOCATION AND ACCESS | |
| Uniform Resource Identifier | <a href="https://www.opsi.gov.uk/si/si2009/uksi_20090034_en_1">https://www.opsi.gov.uk/si/si2009/uksi_20090034_en_1</a> |
| Public note | View the item free of charge online at www.opsi.gov.uk... |
| 942 ## - ADDED ENTRY ELEMENTS (KOHA) | |
| Suppress in OPAC | 0 |
| Withdrawn status | Lost status | Source of classification or shelving scheme | Damaged status | Not for loan | Home library | Current library | Shelving location | Date acquired | Total Checkouts | Full call number | Barcode | Date last seen | Copy number | Price effective from | Koha item type |
|---|---|---|---|---|---|---|---|---|---|---|---|---|---|---|---|
| Dewey Decimal Classification | Virtual | Virtual | Online | 22/01/2009 | ONLINE PUBLICATION | 146464-1001 | 06/08/2019 | 1 | 06/08/2019 | Book |